书目信息 |
| 题名: |
档案开发与利用教程
|
|
| 作者: | 刘耿生 主编 | |
| 分册: | ||
| 出版信息: | 北京 中国人民大学出版社 2010.3 |
|
| 页数: | 377页 | |
| 开本: | 23cm | |
| 丛书名: | ||
| 单 册: | ||
| 中图分类: | G273.5 | |
| 科图分类: | ||
| 主题词: | 档案利用--高等学校--教材 , 档案利用 | |
| 电子资源: | ||
| ISBN: | 978-7-300-08777-1 | |
| 000 | 00843nam0 2200265 45 | |
| 001 | 515 | |
| 005 | 20120531162646.87 | |
| 010 | @a978-7-300-08777-1@dCNY35.00 | |
| 100 | @a20120328d2010 em y0chiy0110 ea | |
| 101 | 0 | @achi |
| 102 | @aCN@b110000 | |
| 105 | @ay z 000yy | |
| 106 | @ar | |
| 200 | 1 | @a档案开发与利用教程@ADang An Kai Fa Yu Li Yong Jiao Cheng@f刘耿生主编@FLiu Geng Sheng Zhu Bian |
| 205 | @a2版 | |
| 210 | @a北京@c中国人民大学出版社@d2010.3 | |
| 215 | @a377页@d23cm | |
| 300 | @a21世纪档案学系列教材 | |
| 330 | @a本书内容分4篇:档案开发利用的客体、档案开发利用的主体、档案开发利用的途径与方法、档案开发利用的效用。 | |
| 606 | 0 | @a档案利用@x高等学校@j教材 |
| 606 | 0 | @a档案利用 |
| 690 | @aG273.5@v4 | |
| 701 | 0 | @a刘耿生@ALiu Geng Sheng@4主编 |
| 801 | 0 | @aCN@bTSTCL@c20120328 |
| 905 | @b0814723-25@dG273.5@e67=2@f3 | |
| 档案开发与利用教程/刘耿生主编.-2版.-北京:中国人民大学出版社,2010.3 |
| 377页;23cm |
| 21世纪档案学系列教材 |
| ISBN 978-7-300-08777-1:CNY35.00 |
| 本书内容分4篇:档案开发利用的客体、档案开发利用的主体、档案开发利用的途径与方法、档案开发利用的效用。 |
| ● |
| 相关链接 |
|
|
|
|
正题名:档案开发与利用教程
索取号:G273.5/67=2
 
预约/预借
| 序号 | 登录号 | 条形码 | 馆藏地/架位号 | 状态 | 备注 |
| 1 | 0814723 | 208147236 | 第一样本阅览室/ [索取号:G273.5/67=2] | 在馆 | |
| 2 | 0814724 | 208147245 | 第四借阅区/ [索取号:G273.5/67=2] | 在馆 | |
| 3 | 0814725 | 208147254 | 第四借阅区/ [索取号:G273.5/67=2] | 在馆 |